Central Library OPAC University of Rajshahi

মহানবী (সা)-এর প্রতিরক্ষা কৌশল / (Record no. 55290)

MARC details
000 -LEADER
fixed length control field 01130nam a2200241 a 4500
001 - CONTROL NUMBER
control field 55290
003 - CONTROL NUMBER IDENTIFIER
rucl marc code BD-RjUL
005 - DATE AND TIME OF LATEST TRANSACTION
control field 20211209080238.0
008 - FIXED-LENGTH DATA ELEMENTS--GENERAL INFORMATION
fixed length control field 161115s1987 bg ||||| |||| 001 0 ben d
035 ## - SYSTEM CONTROL NUMBER
System control number (BD-RjUL)55412
040 ## - CATALOGING SOURCE
Original cataloging agency BD-RjUL
Language of cataloging ben
Transcribing agency BD-RjUL
Modifying agency BD-RjUL
041 ## - LANGUAGE CODE
Language code of text/sound track or separate title ben
082 ## - DEWEY DECIMAL CLASSIFICATION NUMBER
Edition number 23
Classification number 297.63
Author mark and year KHM 1987
100 ## - MAIN ENTRY--PERSONAL NAME
Personal name খান, আকবর
9 (RLIN) 122533
245 10 - TITLE STATEMENT
Title মহানবী (সা)-এর প্রতিরক্ষা কৌশল /
Statement of responsibility, etc. আকবর খান, তরজমায় আবু সাঈদ মুহাম্মদ ওমর আলী
260 ## - PUBLICATION, DISTRIBUTION, ETC. (IMPRINT)
Place of publication, distribution, etc. ঢাকা :
Name of publisher, distributor, etc. ইসলামিক ফাউন্ডেশন,
Date of publication, distribution, etc. ১৯৮৭
300 ## - PHYSICAL DESCRIPTION
Pagination [১৮], ৪০৭ পৃ. ;
Size ২২ সেমি.
500 ## - GENERAL NOTE
General note হাদীসে দেফা নামক বিখ্যাত উর্দু গ্রন্থের বাংলা তরজমা
650 ## - SUBJECT ADDED ENTRY--TOPICAL TERM
Topical term or geographic name as entry element মহানবী (সা)
9 (RLIN) 129466
Topical term or geographic name as entry element Prophet Mohammad
9 (RLIN) 129467
700 ## - ADDED ENTRY--PERSONAL NAME
Personal name আলী, আবু সাঈদ মুহাম্মদ ওমর
Fuller form of name তরজমায়
942 ## - ADDED ENTRY ELEMENTS (KOHA)
Source of classification or shelving scheme Dewey Decimal Classification
Koha item type Books
Holdings
Lost status Source of classification or shelving scheme Damaged status Not for loan Collection code Permanent Location Current Location Shelving location Date acquired Source of acquisition Cost, normal purchase price Total Checkouts Full call number Date last seen Date checked out Copy number Koha item type
  Dewey Decimal Classification     Non-fiction Central Library, University of Rajshahi Central Library, University of Rajshahi   05/03/1996 Islamic Faundesion 67.00 2 B 297.63 KHM 1987 28/03/2022 16/03/2022 C-2 Books
  Dewey Decimal Classification   Not For Loan Non-fiction Central Library, University of Rajshahi Central Library, University of Rajshahi Reading Room 05/03/1996 Islamic foundation, Rajshahi. 67.00   B 297.63 KHM 1987 24/12/2016   C-1 Books